دمج الأشخاص ذوي الإعاقة في الجهاز الإداري للدولة (دراسة مقارنة بالقانون المصري والكويتي)/ (Record no. 60988)
[ view plain ]
| 000 -LEADER | |
|---|---|
| fixed length control field | 03312nam a2200445 i 4500 |
| 003 - CONTROL NUMBER IDENTIFIER | |
| control field | EG-GICUC |
| 005 - أخر تعامل مع التسجيلة | |
| control field | 20260204160225.0 |
| 008 - FIXED-LENGTH DATA ELEMENTS--GENERAL INFORMATION | |
| fixed length control field | 260204s2025 ua |||f m||| 00| 0 ara d |
| 040 ## - CATALOGING SOURCE | |
| Original cataloguing agency | EG-GICUC |
| Transcribing agency | EG-GICUC |
| Modifying agency | EG-GICUC |
| Description conventions | rda |
| Language of cataloging: | ara |
| 041 0# - LANGUAGE CODE | |
| Language code of text/sound track or separate title | ara |
| 049 ## - Acquisition Source | |
| Acquisition Source | إهداء |
| 082 04 - DEWEY DECIMAL CLASSIFICATION NUMBER | |
| Classification number | 345.062 |
| Edition number | 21 |
| 097 ## - Degree | |
| Degree | Ph.D |
| 099 ## - LOCAL FREE-TEXT CALL NUMBER (OCLC) | |
| Local Call Number | Law 07 PHD 2025 |
| 100 0# - MAIN ENTRY--PERSONAL NAME | |
| Authority record control number or standard number | مبارك بداح محمد البداح |
| Preparation | مؤلف. |
| 245 10 - TITLE STATEMENT | |
| Title | دمج الأشخاص ذوي الإعاقة في الجهاز الإداري للدولة (دراسة مقارنة بالقانون المصري والكويتي)/ |
| Statement of responsibility, etc. | إعداد مبارك بداح محمد البداح؛ إشراف الأستاذ الدكتور جابر جاد نصار. |
| 264 #0 - PRODUCTION, PUBLICATION, DISTRIBUTION, MANUFACTURE, AND COPYRIGHT NOTICE | |
| Place of production, publication, distribution, manufacture | القاهرة: |
| Name of producer, publisher, distributor, manufacturer | كلية الحقوق- جامعة القاهرة، |
| Date of production, publication, distribution, manufacture, or copyright notice | 2025. |
| 300 ## - PHYSICAL DESCRIPTION | |
| Extent | 500 صفحة؛ |
| Dimensions | 25 سم. |
| 336 ## - CONTENT TYPE | |
| Content type term | text |
| Source | rda content |
| 337 ## - MEDIA TYPE | |
| Media type term | Computer |
| Source | rda media |
| 338 ## - CARRIER TYPE | |
| Carrier type term | Online Resource |
| Source | rda carrier |
| 500 ## - General note | |
| General note | رسائل نسخة منفردة |
| 500 ## - General note | |
| General note | تحتوي علي صفحة عنوان وملخص باللغة الإنجليزية |
| 502 ## - DISSERTATION NOTE | |
| Dissertation note | أطروحة (دكتوراة)- جامعة القاهرة، كلية الحقوق، قسم القانون العام، 2025. |
| 520 3# - SUMMARY, ETC. | |
| Summary, etc. | يكمن الدافع الأساسي وراء هذا البحث في الضرورة الملحة لدمج الأشخاص ذوي الإعاقة ضمن الجهاز الإداري للدولة، إذ لا يمكن تحقيق تنمية حقيقية وشاملة في ظل تغييب شريحة من مكونات البنية البشرية لذلك المجتمع، واعتمدت الدراسة على المنهج الوصفي التحليلي بهدف بناء تصور علمي منضبط يرتكز على الأسس النظرية من جهة، ويرتبط بالتطبيقات العملية من جهة أخرى، وبينت نتائج الدراسة وجود التزام تشريعي واضح في الكويت ومصر نحو دعم وتمكين ذوي الإعاقة، وأكدت الدراسة على أهمية التدابير الإيجابية، مثل تخصيص نسب توظيف إلزامية، كالية لتحقيق العدالة الاجتماعية وتعويض الإقصاء التاريخي، وأوصت الدراسة بضرورة تعديل التشريعات لرفع نسبة توظيف ذوي الإعاقة، وإطلاق برامج مستمرة لتدريبهم وتأهيلهم بما يتناسب مع احتياجات سوق العمل. |
| 546 ## - LANGUAGE NOTE | |
| Text Language | الملخص باللغة العربية |
| 650 04 - SUBJECT ADDED ENTRY--TOPICAL TERM | |
| Topical term or geographic name entry element | القانون الإداري |
| 650 04 - SUBJECT ADDED ENTRY--TOPICAL TERM | |
| Topical term or geographic name entry element | القانون العام |
| 653 ## - INDEX TERM--UNCONTROLLED | |
| Uncontrolled term | الدمج |
| 653 ## - INDEX TERM--UNCONTROLLED | |
| Uncontrolled term | الأشخاص ذوي الإعاقة |
| 653 ## - INDEX TERM--UNCONTROLLED | |
| Uncontrolled term | الجهاز الإداري للدولة |
| 653 ## - INDEX TERM--UNCONTROLLED | |
| Uncontrolled term | القانون الكويتي |
| 655 #4 - INDEX TERM--GENRE/FORM | |
| Genre/form data or focus term | رسائل جامعية |
| Geographic subdivision | جامعة القاهرة |
| General subdivision | القانون الإداري |
| 700 0# - ADDED ENTRY--PERSONAL NAME | |
| Personal name | جابر جاد نصار |
| Relator term | مشرف. |
| 710 2# - ADDED ENTRY--CORPORATE NAME | |
| Corporate name or jurisdiction name as entry element | جامعة القاهرة. |
| Subordinate unit | كلية الحقوق |
| 856 ## - ELECTRONIC LOCATION AND ACCESS | |
| Uniform Resource Identifier | <a href="https://fll.law.cu.edu.eg/fulltext/th/T07-02262.pdf">https://fll.law.cu.edu.eg/fulltext/th/T07-02262.pdf</a> |
| 900 ## - Thesis Information | |
| Grant date | 2025 |
| Universities | جامعة القاهرة |
| Faculties | كلية الحقوق |
| Department | قسم القانون العام |
| 905 ## - Cataloger and Reviser Names | |
| Cataloger Name: | Hoda |
| 942 ## - ADDED ENTRY ELEMENTS (KOHA) | |
| Source of classification or shelving scheme | Dewey Decimal Classification |
| Koha item type | Thesis |
| Edition | 21 |
| Suppress in OPAC | No |
| Source of classification or shelving scheme | Collection | Home library | Current library | Date acquired | Full call number | Barcode | Date last seen | Copy number | Effective from | Koha item type |
|---|---|---|---|---|---|---|---|---|---|---|
| Dewey Decimal Classification | القانون الإداري | جــــامعة القــاهرة | مكتبة كلية الحقوق - المبنى الرئيسي | 04.02.2026 | Law1 07 PHD 2025 0702262 C1 | T07-02262 | 04.02.2026 | 1 | 04.02.2026 | Thesis |
| Dewey Decimal Classification | القانون الإداري | جــــامعة القــاهرة | مكتبة كلية الحقوق - المبنى الرئيسي | 04.02.2026 | Law1 07 PHD 2025 0702263 C2 | T07-02263 | 04.02.2026 | 2 | 04.02.2026 | Thesis |
| Dewey Decimal Classification | القانون الإداري | جــــامعة القــاهرة | مكتبة كلية الحقوق - فـرع الشيخ زايد | 04.02.2026 | Law2 07 PHD 2025 0702264 C3 | T07-02264 | 04.02.2026 | 3 | 04.02.2026 | Thesis |